000 00354nam a22001337a 4500
008 131126b xxu||||| |||| 00| 0 eng d
020 _a0006513786
050 _aPZ3.O1285B54
100 _aO'Brian, Patrick
_93919
245 _aBlue at the Mizzen
260 _aLondon
_bHarperCollinsPublishers
_c1999
300 _a262p.;
_c20cm
942 _2lcc
_cMONOGRAPH
999 _c118700
_d118700